Northernmost Landlocked Countries - Statistics

General Stats
  • This quiz has been taken 105 times
  • The average score is 9 of 10
Answer Stats
°N Country % Correct
52.16 Mongolia
97%
55.45 Kazakhstan
95%
49.02 Austria
93%
56.17 Belarus
91%
49.61 Slovakia
91%
47.80 Switzerland
91%
51.06 Czech Republic
90%
48.57 Hungary
90%
50.16 Luxembourg
90%
48.42 Moldova
81%
No matching quizzes found
Score Distribution
Percent of People with Each Score
Percentile by Number Answered
Your Score History
You have not taken this quiz